TOEFL IBT activator speaking: Advanced
Hướng dẫn luyện kỹ năng nói trong luyện thi TOEFL ở trình độ nâng cao
שמור ב:
| פורמט: | ספר |
|---|---|
| שפה: | Undetermined |
| יצא לאור: |
Tp. Hồ Chí Minh
Tổng hợp Tp. Hồ Chí Minh
2008
|
| נושאים: | |
| גישה מקוונת: | http://lrc.tdmu.edu.vn/opac/search/detail.asp?aID=2&ID=14751 |
| תגים: |
הוספת תג
אין תגיות, היה/י הראשונ/ה לתייג את הרשומה!
|
| Thư viện lưu trữ: | Trung tâm Học liệu Trường Đại học Thủ Dầu Một |
|---|
| LEADER | 00729nam a2200181Ia 4500 | ||
|---|---|---|---|
| 001 | TDMU_14751 | ||
| 008 | 210410s9999 xx 000 0 und d | ||
| 082 | |a 428.3 | ||
| 090 | |b T421 | ||
| 245 | 0 | |a TOEFL IBT activator speaking: Advanced | |
| 260 | |a Tp. Hồ Chí Minh | ||
| 260 | |b Tổng hợp Tp. Hồ Chí Minh | ||
| 260 | |c 2008 | ||
| 300 | |a 174tr. | ||
| 520 | |a Hướng dẫn luyện kỹ năng nói trong luyện thi TOEFL ở trình độ nâng cao | ||
| 650 | |a TOEFL; Tiếng Anh |x Kỹ năng nói |v Sách luyện thi; Sách luyện thi | ||
| 856 | |u http://lrc.tdmu.edu.vn/opac/search/detail.asp?aID=2&ID=14751 | ||
| 980 | |a Trung tâm Học liệu Trường Đại học Thủ Dầu Một | ||